|
|
|
|
| LEADER |
00690nam a22001937a 4500 |
| 020 |
|
|
|a 9788177023053
|
| 082 |
|
|
|a 730.954 133
|b SAS/S.1
|
| 100 |
|
|
|a Sasankara Sekhar Panda.
|9 21203
|
| 245 |
|
|
|a Sculptural art of upper mahanadi valley v.1/
|c by Sasankara Sekhar Panda.
|
| 250 |
|
|
|a 1st.
|
| 260 |
|
|
|a Delhi:
|b Pratibha Prakashan,
|c 2012.
|
| 300 |
|
|
|a 318p.
|
| 650 |
|
|
|a Sculpture India Odisha
|9 21204
|
| 650 |
|
|
|a Sculpture Mahanadi Valley
|9 21205
|
| 650 |
|
|
|a Sculpture
|9 21206
|
| 650 |
|
|
|a Arts
|9 21207
|
| 942 |
|
|
|c BK
|
| 999 |
|
|
|c 68146
|d 68146
|
| 952 |
|
|
|0 0
|1 0
|4 0
|6 730_954000000000000_133_SAS_S_1
|7 0
|9 88569
|a SSUS
|b SSUS
|c REF
|d 2017-10-19
|g 3750.00
|o 730.954 133 SAS/S.1
|p 085421
|r 2017-10-19
|w 2017-10-19
|y REF
|